[Event "Oslo Chess Festival 2018"]
[Site "Oslo"]
[Date "2018.10.04"]
[Round "6"]
[White "Kaasen, Tor Fredrik"]
[Black "Solberg, Joachim"]
[Result "1-0"]
[WhiteElo "2388"]
[BlackElo "2188"]
[Annotator "NA"]
[PlyCount "105"]
[EventDate "2018.09.30"]
[EventCountry "NOR"]
[SourceTitle "playchess.com"]
[Source "ChessBase"]
[SourceQuality "1"]
[TimeControl "90/30+30:0"]

1. d4 {[%emt 0:00:00]} d5 {[%emt 0:00:00]} 2. c4 {[%emt 0:00:00]} c6 {[%emt 0:00:00]} 3. Nf3 {[%emt 0:00:00]} Nf6 {[%emt 0:00:00]} 4. g3 {[%emt 0:00:00]} e6 {[%emt 0:00:00]} 5. Bg2 {[%emt 0:00:00]} Bb4+ {[%emt 0:00:00]} 6. Nbd2 {[%emt 0:00:00] E01: Catalan: Early deviations} dxc4 {[%emt 0:00:00]} 7. O-O {[%emt 0:00:00]} b5 {[%emt 0:00:00]} 8. Qc2 {[%emt 0:00:00]} (8. b3 cxb3 9. Nxb3 O-O 10. Ne5 Bb7 11. Nc5 Bxc5 12. dxc5 Nfd7 13. Bf4 Nxc5 14. Qc2 {1-0 (32) Eljanov,P (2717)-Fridman,D (2649) Berlin 2015}) 8... O-O {[%emt 0:00:00]} 9. b3 {[%emt 0:00:00]} cxb3 {[%emt 0:00:00]} 10. Nxb3 {[%emt 0:00:00]} Bb7 {[%emt 0:00:00]} 11. a4 {[%emt 0:00:00]} Nbd7 {[%emt 0:00:00]} 12. Ne1 $146 {[%emt 0:00:00]} ({Predecessor:} 12. Rd1 Qe7 13. e4 h6 {0-1 (45) Janaszak,D (2319)-Socko,M (2495) Warsaw 2010}) 12... Rc8 {[%emt 0:00:00]} 13. Nd3 {[%emt 0:00:00]} Be7 {[%emt 0:00:00]} 14. Rd1 {[%emt 0:00:00]} Nd5 {[%emt 0:00:00]} 15. Nbc5 {[%emt 0:00:00]} Nxc5 {[%emt 0:00:00]} 16. Nxc5 {[%emt 0:00:00]} Bxc5 {[%emt 0:00:00]} 17. dxc5 {[%emt 0:00:00]} Qa5 {[%emt 0:00:00]} 18. Bb2 {[%emt 0:00:00]} b4 {[%emt 0:00:00]} 19. Be5 {[%emt 0:00:00]} Nc3 {[%emt 0:00:00]} 20. Rd7 {[%emt 0:00:00]} Qxc5 {[%emt 0:00:00]} 21. Bd4 {[%emt 0:00:00]} Qc4 {[%emt 0:00:00]} 22. Bxc3 {[%emt 0:00:00]} Ba8 {[%emt 0:00:00]} 23. Rd3 {[%emt 0:00:00]} (23. Be4 $1 $14 bxc3 24. Bxh7+ Kh8 25. Bd3) 23... c5 {[%emt 0:00:00]} 24. Bxa8 {[%emt 0:00:00]} Rxa8 {[%emt 0:00:00]} 25. Rc1 {[%emt 0:00:00]} bxc3 {[%emt 0:00:00]} 26. Rxc3 {[%emt 0:00:00]} Qd4 {[%emt 0:00:00]} 27. e3 {[%emt 0:00:00]} Qd6 {[%emt 0:00:00]} 28. Rxc5 {[%emt 0:00:00]} Rfd8 {[%emt 0:00:00]} 29. Rc6 {[%emt 0:00:00]} Qb4 {[%emt 0:00:00]} (29... Qd5 $14) 30. Rc7 {[%emt 0:00:00]} a5 {[%emt 0:00:00]} 31. Rb1 {[%emt 0:00:00]} Qg4 {[%emt 0:00:00] [#]} ({Black should try} 31... Qd6) 32. Kg2 $1 {[%emt 0:00:00]} h6 {[%emt 0:00:00]} 33. Rbb7 {[%emt 0:02:45]} Rf8 {[%emt 0:00:00]} 34. Rb5 $18 {[%emt 0:01:31]} f5 {[%emt 0:00:00]} 35. Rbb7 {[%emt 0:01:22]} Rf6 {[%emt 0:00:19]} 36. Qc6 {[%emt 0:02:15]} Raf8 {[%emt 0:00:26]} 37. h3 {[%emt 0:02:17]} Qg6 {[%emt 0:01:18]} 38. Ra7 {[%emt 0:00:49]} Kh7 {[%emt 0:04:37]} 39. Qb7 {[%emt 0:02:18]} Rg8 {[%emt 0:00:23]} 40. Kh2 {[%emt 0:03:42]} f4 {[%emt 0:00:57]} 41. exf4 {[%emt 0:01:10]} e5 {[%emt 0:00:15]} 42. Rxa5 {[%emt 0:00:00]} exf4 {[%emt 0:00:00]} 43. g4 {[%emt 0:00:00]} Rb6 {[%emt 0:00:00]} 44. Qf3 {[%emt 0:00:00]} Rb4 {[%emt 0:00:00]} 45. Raa7 {[%emt 0:00:00]} Qd6 {[%emt 0:00:00]} 46. Rd7 {[%emt 0:00:00]} Qe5 {[%emt 0:00:00]} 47. Qd5 {[%emt 0:00:00]} Qb2 {[%emt 0:00:00]} 48. Qd2 {[%emt 0:00:00]} Qe5 {[%emt 0:00:00]} 49. Qd3+ {[%emt 0:00:00]} Kh8 {[%emt 0:00:00]} 50. Qd6 {[%emt 0:00:00]} Qxd6 {[%emt 0:00:00]} 51. Rxd6 {[%emt 0:00:00]} Rc8 {[%emt 0:00:01]} 52. Rd2 {[%emt 0:00:00]} Rc3 {[%emt 0:00:51]} 53. Rd8+ {[%emt 0:01:17]} 1-0

[Event "Oslo Chess Festival 2018"]
[Site "Oslo"]
[Date "2018.10.04"]
[Round "6"]
[White "Cherniaev, Alexander"]
[Black "Nordquelle, Daniel"]
[Result "1-0"]
[WhiteElo "2384"]
[BlackElo "2235"]
[Annotator "RC"]
[PlyCount "27"]
[EventDate "2018.09.30"]
[EventCountry "NOR"]
[SourceTitle "playchess.com"]
[Source "ChessBase"]
[SourceQuality "1"]
[TimeControl "90/30+30:0"]

1. d4 {[%emt 0:00:00]} e6 {[%emt 0:00:00]} 2. c4 {[%emt 0:00:00]} d5 {[%emt 0:00:00]} 3. g3 {[%emt 0:00:00]} Nf6 {[%emt 0:00:00]} 4. Nf3 {[%emt 0:00:00]} dxc4 {[%emt 0:00:00]} 5. Bg2 {[%emt 0:00:00]} a6 {[%emt 0:00:00]} 6. O-O {[%emt 0:00:00]} Nc6 {[%emt 0:00:00]} 7. e3 {[%emt 0:00:00]} Bd7 {[%emt 0:00:00]} 8. Qe2 {[%emt 0:00:00]} b5 {[%emt 0:00:00]} 9. b3 {[%emt 0:00:00]} cxb3 {[%emt 0:00:00]} 10. axb3 {[%emt 0:00:00]} Bd6 {[%emt 0:00:00]} 11. Bb2 {[%emt 0:00:00]} Qe7 {[%emt 0:00:00]} 12. Rc1 {[%emt 0:00:00]} Ra7 {[%emt 0:00:00]} 13. Ne5 {[%emt 0:00:00]} Nd5 {[%emt 0:00:00]} 14. Nxc6 {[%emt 0:00:00]} 1-0

[Event "Oslo Chess Festival 2018"]
[Site "Oslo"]
[Date "2018.10.04"]
[Round "6"]
[White "Mikalsen, Erlend"]
[Black "Korneev, Oleg"]
[Result "1/2-1/2"]
[WhiteElo "2332"]
[BlackElo "2560"]
[Annotator "ChessBase"]
[PlyCount "109"]
[EventDate "2018.09.30"]
[EventCountry "NOR"]
[SourceTitle "playchess.com"]
[Source "ChessBase"]
[SourceQuality "1"]
[TimeControl "90/30+30:0"]

1. e4 {[%emt 0:00:00]} e5 {[%emt 0:00:00]} 2. Nc3 {[%emt 0:00:00]} Nc6 {[%emt 0:00:00]} 3. Bc4 {[%emt 0:00:00]} Nf6 {[%emt 0:00:00]} 4. d3 {[%emt 0:00:00]} Bc5 {[%emt 0:00:00]} 5. f4 {[%emt 0:00:00]} d6 {[%emt 0:00:00]} 6. Nf3 {[%emt 0:00:00]} a6 {[%emt 0:00:00]} 7. f5 {[%emt 0:00:00]} b5 {[%emt 0:00:00]} 8. Bb3 {[%emt 0:00:00]} Na5 {[%emt 0:00:00]} 9. Qe2 {[%emt 0:00:00]} Nxb3 {[%emt 0:00:00]} 10. axb3 {[%emt 0:00:00]} Bb7 {[%emt 0:00:00]} 11. Be3 {[%emt 0:00:00]} Bxe3 {[%emt 0:00:00]} 12. Qxe3 {[%emt 0:00:00]} O-O {[%emt 0:00:00]} 13. O-O-O {[%emt 0:00:00]} b4 {[%emt 0:00:00]} 14. Nb1 {[%emt 0:00:00]} a5 {[%emt 0:00:00]} 15. g4 {[%emt 0:00:00]} Nxg4 {[%emt 0:00:00]} 16. Qd2 {[%emt 0:00:00]} Kh8 {[%emt 0:00:00]} 17. Rhg1 {[%emt 0:00:00]} Nf6 {[%emt 0:00:00]} 18. Qg5 {[%emt 0:00:00]} Rg8 {[%emt 0:00:00]} 19. Rg3 {[%emt 0:00:00]} h6 {[%emt 0:00:00]} 20. Qh4 {[%emt 0:00:00]} a4 {[%emt 0:00:00]} 21. bxa4 {[%emt 0:00:00]} Rxa4 {[%emt 0:00:00]} 22. Rdg1 {[%emt 0:00:00]} Ra8 {[%emt 0:00:00]} 23. Rh3 {[%emt 0:00:00]} Qe7 {[%emt 0:00:00]} 24. Qe1 {[%emt 0:00:00]} b3 {[%emt 0:00:00]} 25. c4 {[%emt 0:00:00]} c6 {[%emt 0:00:00]} 26. Qc3 {[%emt 0:00:00]} d5 {[%emt 0:00:00]} 27. Nxe5 {[%emt 0:00:00]} Rad8 {[%emt 0:13:10]} 28. Ng4 {[%emt 0:00:00]} Nxg4 {[%emt 0:00:13]} 29. Rxg4 {[%emt 0:00:00]} f6 {[%emt 0:01:04]} 30. Qxb3 {[%emt 0:03:38]} dxe4 {[%emt 0:00:30]} 31. Rxe4 {[%emt 0:05:21]} Qd7 {[%emt 0:00:29]} 32. Rhe3 {[%emt 0:02:32]} Bc8 {[%emt 0:00:26]} 33. Rf4 {[%emt 0:02:03]} Qd6 {[%emt 0:00:11]} 34. Rf2 {[%emt 0:00:43]} Qc5 {[%emt 0:00:06]} 35. Ref3 {[%emt 0:00:40]} Rge8 {[%emt 0:00:03]} 36. Nd2 {[%emt 0:00:21]} Re3 {[%emt 0:01:10]} 37. Rxe3 {[%emt 0:03:01]} Qxe3 {[%emt 0:00:02]} 38. Rf3 {[%emt 0:00:07]} Qg1+ {[%emt 0:00:46]} 39. Kc2 {[%emt 0:00:05]} Re8 {[%emt 0:01:00]} 40. Qb8 {[%emt 0:01:06]} Kh7 {[%emt 0:00:48]} 41. Qg3 {[%emt 0:00:00]} Qxg3 {[%emt 0:00:00]} 42. hxg3 {[%emt 0:00:00]} Re5 {[%emt 0:00:00]} 43. g4 {[%emt 0:00:00]} Kg8 {[%emt 0:00:00]} 44. d4 {[%emt 0:00:00]} Re2 {[%emt 0:00:00]} 45. Kc3 {[%emt 0:00:00]} Rg2 {[%emt 0:00:00]} 46. Rf4 {[%emt 0:00:00]} g5 {[%emt 0:00:00]} 47. fxg6 {[%emt 0:00:00]} Kg7 {[%emt 0:00:00]} 48. d5 {[%emt 0:00:00]} cxd5 {[%emt 0:00:00]} 49. c5 {[%emt 0:00:00]} Rg3+ {[%emt 0:00:00]} 50. Kd4 {[%emt 0:00:00]} Kxg6 {[%emt 0:00:00]} 51. Kxd5 {[%emt 0:00:00]} Rd3+ {[%emt 0:00:00]} 52. Rd4 {[%emt 0:00:00]} Bb7+ {[%emt 0:00:00]} 53. Kc4 {[%emt 0:00:00]} Ba6+ {[%emt 0:00:00]} 54. Kd5 {[%emt 0:00:00]} Bb7+ {[%emt 0:00:00]} 55. Kc4 {[%emt 0:00:00]} 1/2-1/2

[Event "Oslo Chess Festival 2018"]
[Site "Oslo"]
[Date "2018.10.04"]
[Round "6"]
[White "Salles, Louis"]
[Black "Lindbol, Aleksander"]
[Result "1-0"]
[WhiteElo "2247"]
[BlackElo "2166"]
[Annotator "NA"]
[PlyCount "30"]
[EventDate "2018.09.30"]
[EventCountry "NOR"]
[SourceTitle "playchess.com"]
[Source "ChessBase"]
[SourceQuality "1"]
[TimeControl "90/30+30:0"]

1. e4 {[%emt 0:00:03]} c5 2. Nf3 {[%emt 0:00:02]} d6 {[%emt 0:00:02]} 3. d4 cxd4 4. Nxd4 Nf6 {[%emt 0:00:02]} 5. Nc3 Nc6 {[%emt 0:00:02]} 6. Bg5 {[%emt 0:00:01]} e6 7. Qd2 {[%emt 0:00:01]} a6 8. O-O-O {[%emt 0:00:01]} Bd7 {[%emt 0:00:02]} 9. f4 {[%emt 0:00:04]} Be7 10. Nf3 {[%emt 0:00:29]} h6 {[%emt 0:00:06]} 11. Bh4 b5 {[%emt 0:00:01]} 12. e5 b4 {[%emt 0:00:02]} 13. exd6 {[%emt 0:00:08]} bxc3 {[%emt 0:00:02]} 14. Qxc3 {[%emt 0:00:01]} Bf8 {[%emt 0:00:02]} 15. f5 {[%emt 0:00:04]} Be7 {[%emt 0:00:08]} 1-0

[Event "Oslo Chess Festival 2018"]
[Site "Oslo"]
[Date "2018.10.04"]
[Round "6"]
[White "Ingebretsen, Jens E"]
[Black "Vestby-Ellingsen, Mads"]
[Result "1/2-1/2"]
[WhiteElo "2160"]
[BlackElo "2410"]
[Annotator "NA"]
[PlyCount "101"]
[EventDate "2018.09.30"]
[EventCountry "NOR"]
[SourceTitle "playchess.com"]
[Source "ChessBase"]
[SourceQuality "1"]
[TimeControl "90/30+30:0"]

1. e4 {[%emt 0:00:00]} e5 {[%emt 0:00:00]} 2. Nf3 {[%emt 0:00:00]} Nc6 {[%emt 0:00:00]} 3. Bb5 {[%emt 0:00:00]} a6 {[%emt 0:00:00]} 4. Ba4 {[%emt 0:00:00]} Nf6 {[%emt 0:00:00]} 5. O-O {[%emt 0:00:00]} Be7 {[%emt 0:00:00]} 6. Bxc6 {[%emt 0:00:00]} dxc6 {[%emt 0:00:00]} 7. d3 {[%emt 0:00:00]} Nd7 {[%emt 0:00:00]} 8. Nbd2 {[%emt 0:00:00]} Bd6 {[%emt 0:00:00] C85: Closed Ruy Lopez: Deferred Exchange Variation} 9. Nc4 {[%emt 0:00:00]} O-O {[%emt 0:00:00]} 10. Bd2 {[%emt 0:00:00]} (10. d4 Qe7 11. Re1 Re8 12. b3 c5 13. dxe5 Nxe5 14. Nxd6 cxd6 15. Nd2 Ng4 16. Nf3 Ne5 17. Nd2 Ng4 18. Nf3 {½-½ (18) Andreikin,D (2702)-Kovalev,V (2650) Minsk 2018}) 10... c5 {[%emt 0:00:00]} 11. Qe2 {[%emt 0:00:00]} Re8 {[%emt 0:00:00]} 12. g3 $146 {[%emt 0:00:00]} ({Predecessor:} 12. Rab1 Nb8 13. Be3 Nc6 14. Nfd2 Be6 15. Nxd6 Qxd6 16. f4 Nd4 17. Qd1 exf4 18. Bxf4 Qd7 19. Nb3 b6 {½-½ (19) Delgado Ramirez,N (2557)-Gonzalez Vidal,Y (2481) Santa Clara 2004}) 12... Nb8 {[%emt 0:00:00]} 13. Nh4 {[%emt 0:00:00]} Nc6 {[%emt 0:00:00]} 14. c3 {[%emt 0:00:00]} Be7 {[%emt 0:00:00]} 15. Ng2 {[%emt 0:00:00]} Be6 {[%emt 0:00:00]} 16. b3 {[%emt 0:00:00]} Qd7 {[%emt 0:00:00]} 17. Rad1 {[%emt 0:00:00]} a5 {[%emt 0:00:00]} 18. a4 {[%emt 0:00:00]} Rad8 {[%emt 0:00:00]} 19. Bc1 {[%emt 0:00:00]} Bf8 {[%emt 0:00:00]} 20. Nge3 {[%emt 0:00:00]} f5 {[%emt 0:00:00]} (20... g6 $11) 21. f4 {[%emt 0:00:00]} (21. Nxf5 $14 Bxf5 22. exf5) 21... exf4 {[%emt 0:00:00]} 22. Rxf4 {[%emt 0:00:00]} fxe4 {[%emt 0:00:00]} 23. dxe4 {[%emt 0:00:00]} Qc8 {[%emt 0:00:00]} 24. Rdf1 {[%emt 0:00:00]} Bd6 {[%emt 0:00:00]} ({Black should try} 24... g6 $15) 25. Nxd6 {[%emt 0:00:00]} cxd6 {[%emt 0:00:00]} 26. c4 {[%emt 0:00:00]} Ne5 {[%emt 0:00:00]} 27. Bb2 {[%emt 0:00:00]} Ng6 {[%emt 0:00:00]} 28. R4f2 {[%emt 0:00:00]} Qc6 {[%emt 0:00:00]} 29. Nd5 {[%emt 0:00:00]} Bxd5 {[%emt 0:00:00]} 30. cxd5 {[%emt 0:00:00]} Qd7 {[%emt 0:00:00]} 31. Rf5 {[%emt 0:00:00]} (31. h4 $14) 31... Qe7 {[%emt 0:00:00] [#]} (31... Re7 $11 {keeps the balance.}) 32. Qg4 $1 {[%emt 0:00:00]} Rf8 {[%emt 0:01:48]} 33. h4 {[%emt 0:00:00]} Rxf5 {[%emt 0:02:34]} 34. Rxf5 {[%emt 0:00:00]} ({Don't play} 34. exf5 $6 Qe3+ 35. Rf2 Rf8 $11) 34... Rf8 {[%emt 0:00:54]} 35. h5 {[%emt 0:00:00]} Rxf5 {[%emt 0:00:22]} 36. Qxf5 {[%emt 0:00:00]} Nf8 {[%emt 0:02:20]} 37. Kg2 $16 {[%emt 0:00:00]} Qf7 {[%emt 0:05:02]} 38. Qg5 {[%emt 0:00:00]} h6 {[%emt 0:01:22]} 39. Qg4 {[%emt 0:00:00]} Nh7 {[%emt 0:01:53]} 40. Qc8+ {[%emt 0:00:00]} Nf8 {[%emt 0:00:13]} 41. Qg4 {[%emt 0:00:29]} b6 {[%emt 0:02:49]} 42. Bc3 {[%emt 0:01:46]} Nh7 {[%emt 0:00:57]} 43. Qc8+ {[%emt 0:00:49]} Nf8 {[%emt 0:00:17]} 44. Qg4 {[%emt 0:00:39]} Nh7 {[%emt 0:00:00]} 45. Qc8+ {[%emt 0:00:00]} Nf8 {[%emt 0:00:00]} 46. Qg4 {[%emt 0:00:00]} Nh7 {[%emt 0:02:49]} 47. Qe6 {[%emt 0:00:01]} Ng5 {[%emt 0:00:09]} 48. Qxf7+ {[%emt 0:00:02]} Kxf7 {[%emt 0:00:21]} 49. e5 dxe5 50. Bxe5 Ne4 {[%emt 0:00:02]} 51. Bf4 {[%emt 0:00:21]} 1/2-1/2

[Event "Oslo Chess Festival 2018"]
[Site "Oslo"]
[Date "2018.10.04"]
[Round "7"]
[White "Korneev, Oleg"]
[Black "Ingebretsen, Jens E"]
[Result "1-0"]
[WhiteElo "2560"]
[BlackElo "2160"]
[Annotator "TA"]
[PlyCount "95"]
[EventDate "2018.09.30"]
[EventCountry "NOR"]
[SourceTitle "playchess.com"]
[Source "ChessBase"]
[SourceQuality "1"]

{[%evp 21,95,20,31,6,34,37,98,50,49,47,51,72,63,66,68,58,68,68,118,98,108,93,118,119,116,77,43,0,11,19,91,102,127,0,0,0,0,0,0,0,51,14,7,0,43,42,43,58,71,57,52,53,56,55,174,171,297,294,277,279,1364,1340,29987,1276,29988,29989,29991,29992,29992,29993,29993,29994,29995,29996,29997,29998]} 1. e4 {[%cal Be2e4,Be4e5][%mdl 32]} c5 2. Nf3 e6 3. c3 Nf6 {[%cal Bg8f6,Bf6d5,Bd5b6,Bb6c4][%mdl 32]} 4. e5 Nd5 5. d4 cxd4 6. cxd4 Nc6 7. Nc3 d6 8. Bd2 {B22: Sicilian: 2 c3} Be7 9. Bc4 {[%cal Bf1c4,Bc4b3,Bb3c2][%mdl 32]} Nb6 10. Bb3 d5 11. O-O O-O {LiveBook: 3 Games} 12. Bc2 (12. Qe2 Na5 13. Bc2 Nbc4 14. Qd3 g6 15. Bh6 Re8 16. Rab1 Bd7 {½-½ (41) Pezelj,N (2457)-Nestorovic,D (2340) Kragujevac 2018}) 12... Nc4 13. Bc1 b5 $146 (13... f5 $14) ({Predecessor:} 13... f6 14. b3 Nb6 15. exf6 Bxf6 16. Qd3 g6 {1-0 (56) Piotrowski,A (1929)-Marczukiewicz,J (2014) Warsaw 2011}) 14. Ne2 b4 15. Qd3 {[%csl Gc2][%cal Rd3h7]} g6 16. b3 Na3 17. Bh6 Re8 18. Rac1 Qb6 19. Qe3 a5 20. Bd3 Ba6 21. Bxa6 $1 Rxa6 22. Qf4 Ra7 23. Ng3 Nb5 24. Ne2 (24. Rxc6 $5 Qxc6 25. Nh5 $1 $14 {[%mdl 512]}) 24... Rea8 25. Rfd1 a4 (25... Rc7 $1 $11) 26. Ng5 $1 $16 Nd8 27. h4 (27. Rd3 $1 $16) 27... axb3 $11 28. axb3 Ra2 29. Rd2 (29. Qg4 {with more complications.} Rxe2 30. Qxe2 Nc3 31. Qf3 Nxd1 32. Qxd1 Nc6 33. Qf3) 29... Rxd2 (29... Ra1 {feels hotter.} 30. Rdc2 Rxc1+ 31. Rxc1 Qa6 32. Nf3 Rc8) 30. Qxd2 $40 {[%mdl 128] White attacks.} Nc6 ({Black should try} 30... Ra7 $11) 31. Nf3 (31. Qf4 $5 {[%cal Rf4f7]} Bxg5 32. hxg5 $11) 31... Ra3 32. Qc2 Nba7 33. h5 {Hoping for Nf4.} Qa6 {And now ...Ra2 would win.} 34. Nf4 {[%cal Rh5g6,Be2f4,Bf4g6,Bg6e7][%mdl 32]} Ra2 35. Qb1 Qa3 $1 36. hxg6 hxg6 37. Nxg6 {Strongly threatening Qd3.} Rb2 (37... Qb2 $14 38. Qxb2 Rxb2 39. Nxe7+ Nxe7) 38. Qd3 {White wants to mate with Nf8!} Qxb3 (38... Rxb3 {was necessary.} 39. Nxe7+ Nxe7) 39. Nxe7+ $18 Nxe7 40. Qa6 $1 {[%cal Ra6a7]} Ra2 $2 {[#]} (40... Rb1) 41. Qd6 $1 {[%cal Rd6e7]} Qb2 {[#]} 42. Qd8+ $1 Kh7 43. Be3 {White mates.} Ra1 44. Qxe7 Rxc1+ 45. Kh2 Rh1+ 46. Kg3 Kg8 47. Ng5 Rh7 48. Qe8+ {Precision: White = 72%, Black = 41%.} 1-0

[Event "Oslo Chess Festival 2018"]
[Site "Oslo"]
[Date "2018.10.04"]
[Round "7"]
[White "Movsziszian, Karen"]
[Black "Basso, Pier Luigi"]
[Result "1/2-1/2"]
[WhiteElo "2523"]
[BlackElo "2530"]
[Annotator "ChessBase"]
[PlyCount "22"]
[EventDate "2018.09.30"]
[EventCountry "NOR"]
[SourceTitle "playchess.com"]
[Source "ChessBase"]
[SourceQuality "1"]
[TimeControl "90/30+30:0"]

1. g3 {[%emt 0:00:00]} d5 {[%emt 0:00:00]} 2. Nf3 {[%emt 0:00:00]} Nf6 {[%emt 0:00:00]} 3. Bg2 {[%emt 0:00:00]} e6 {[%emt 0:00:00]} 4. O-O {[%emt 0:00:00]} Be7 {[%emt 0:00:00]} 5. c4 {[%emt 0:00:00]} O-O {[%emt 0:00:00]} 6. d3 {[%emt 0:00:00]} b6 {[%emt 0:00:00]} 7. b3 {[%emt 0:00:00]} Bb7 {[%emt 0:00:00]} 8. Bb2 {[%emt 0:00:00]} c5 {[%emt 0:00:00]} 9. e3 {[%emt 0:00:00]} Nc6 {[%emt 0:00:00]} 10. Qe2 {[%emt 0:00:00]} Rc8 {[%emt 0:00:00]} 11. Rd1 {[%emt 0:00:00]} Rc7 {[%emt 0:00:00]} 1/2-1/2

[Event "Oslo Chess Festival 2018"]
[Site "Oslo"]
[Date "2018.10.04"]
[Round "7"]
[White "Pakleza, Zbigniew"]
[Black "Dziuba, Marcin"]
[Result "1/2-1/2"]
[WhiteElo "2502"]
[BlackElo "2573"]
[Annotator "ChessBase"]
[PlyCount "32"]
[EventDate "2018.09.30"]
[EventCountry "NOR"]
[SourceTitle "playchess.com"]
[Source "ChessBase"]
[SourceQuality "1"]
[TimeControl "90/30+30:0"]

1. d4 {[%emt 0:00:00]} Nf6 {[%emt 0:00:00]} 2. c4 {[%emt 0:00:00]} g6 {[%emt 0:00:00]} 3. Nc3 {[%emt 0:00:00]} d5 {[%emt 0:00:00]} 4. Bf4 {[%emt 0:00:00]} Bg7 {[%emt 0:00:00]} 5. e3 {[%emt 0:00:00]} O-O {[%emt 0:00:00]} 6. cxd5 {[%emt 0:00:00]} Nxd5 {[%emt 0:00:00]} 7. Nxd5 {[%emt 0:00:00]} Qxd5 {[%emt 0:00:00]} 8. Bxc7 {[%emt 0:00:00]} Na6 {[%emt 0:00:00]} 9. Bxa6 {[%emt 0:00:00]} Qxg2 {[%emt 0:00:00]} 10. Qf3 {[%emt 0:00:00]} Qxf3 {[%emt 0:00:00]} 11. Nxf3 {[%emt 0:00:00]} bxa6 {[%emt 0:00:00]} 12. Rc1 {[%emt 0:00:00]} f6 {[%emt 0:00:00]} 13. Rg1 {[%emt 0:00:00]} Rf7 {[%emt 0:00:00]} 14. Ba5 {[%emt 0:00:00]} Bb7 {[%emt 0:00:00]} 15. Nd2 {[%emt 0:00:00]} e6 {[%emt 0:00:00]} 16. Nc4 {[%emt 0:00:00]} Rd7 {[%emt 0:00:00]} 1/2-1/2

[Event "Oslo Chess Festival 2018"]
[Site "Oslo"]
[Date "2018.10.04"]
[Round "7"]
[White "Stella, Andrea"]
[Black "Mikalsen, Erlend"]
[Result "1/2-1/2"]
[WhiteElo "2500"]
[BlackElo "2332"]
[Annotator "TA"]
[PlyCount "135"]
[EventDate "2018.09.30"]
[EventCountry "NOR"]
[SourceTitle "playchess.com"]
[Source "ChessBase"]
[SourceQuality "1"]

{[%evp 24,135,35,16,39,42,40,19,41,33,32,29,38,38,52,11,29,21,31,28,36,33,30,30,51,51,51,51,51,52,64,64,64,0,0,0,0,0,7,7,18,0,0,0,9,17,27,8,35,0,0,0,0,0,0,0,0,0,0,0,0,0,0,0,0,0,0,0,0,0,0,0,0,0,0,0,0,0,0,0,0,0,0,0,0,0,0,0,0,0,0,0,0,0,0,0,0,0,0,0,0,0,0,0,0,0,0,0,0,0,0,0,0,0]} 1. d4 Nf6 2. c4 e6 3. Nc3 Bb4 4. Qc2 O-O 5. Nf3 d5 6. a3 Bxc3+ 7. Qxc3 dxc4 8. Qxc4 b6 9. Bg5 {E36: Nimzo-Indian: Classical: 4...d5 5 a3} Ba6 10. Qa4 h6 (10... Qd7 11. Qc2 c5 12. Bxf6 gxf6 13. Rd1 Qe7 14. g3 Bb7 15. Bg2 Rd8 16. O-O Nd7 {½-½ (30) Mamedyarov,S (2808)-Caruana,F (2816) Paris 2018}) 11. Bh4 c5 12. dxc5 bxc5 13. Rc1 {LiveBook: 19 Games} Qb6 14. Bxf6 $1 gxf6 15. Rc2 Nc6 16. e3 Bxf1 17. Rxf1 Rfd8 $146 18. Ke2 Na5 {[#] Hoping for ...Qa6+.} 19. Nd2 Rab8 20. Rfc1 {[%cal Bf1c1,Bc1c2,Bc2d2][%mdl 32]} Rxd2+ 21. Rxd2 {Rcd1 is the strong threat.} ({Reject} 21. Kxd2 Nb3+ 22. Ke2 Nxc1+ 23. Rxc1 Qxb2+ 24. Rc2 Qe5 $17) 21... Nb3 22. Rcc2 {[#] aiming for Rd7.} Nxd2 23. Rxd2 $14 {[%mdl 4096] Endgame KQR-KQR} Qc7 24. Qh4 Kg7 25. Qg3+ Qxg3 26. hxg3 {KR-KR} c4 27. Rc2 Rb3 28. Kf3 (28. g4 $14) 28... f5 $11 29. Rxc4 Rxb2 30. Ra4 Rb7 31. g4 Kg6 32. Ra5 fxg4+ 33. Kxg4 Rc7 34. Kf4 Rc4+ 35. e4 Rc7 36. g4 f6 {The position is equal.} 37. e5 Rc4+ 38. Kg3 f5 39. gxf5+ Kxf5 40. Rxa7 Kxe5 41. Ra5+ Kd6 42. a4 Kc6 43. Ra8 Kb7 44. Re8 Rxa4 45. Rxe6 Kc7 46. Rxh6 Kd7 47. f4 Ke7 48. Kg4 Kf7 49. Kg5 Ra5+ 50. f5 Ra1 51. Rh7+ Kg8 52. Re7 Ra6 53. Re6 Ra7 54. Kf6 {Re8+ would kill now.} (54. Rb6 {is more complex.} Kf7 55. Rc6 Kf8 56. Rc8+ Kf7 57. Rc1) 54... Rf7+ 55. Ke5 Ra7 56. Kf6 {White wants to mate with Re8+.} Rf7+ 57. Kg5 Ra7 58. Rh6 Kf8 59. Kg6 Rg7+ 60. Kf6 {Threatens to win with Rh8+.} Rf7+ 61. Ke6 {Threatening mate with f6.} Re7+ 62. Kd6 {White threatens Rh8+ and mate.} Re1 63. Rf6+ Kg7 64. Re6 Rf1 65. Ke5 Re1+ 66. Kd6 Rf1 67. Ke5 Re1+ 68. Kd6 {Precision: White = 63%, Black = 64%.} 1/2-1/2